Finländska kommuner på finska - Statistics

General Stats
  • This quiz has been taken 434 times
  • The average score is 56 of 90
Answer Stats
Kommun Kunta % Correct
Helsingfors Helsinki
98%
Esbo Espoo
94%
Tammerfors Tampere
94%
Åbo Turku
94%
Vasa Vaasa
92%
Uleåborg Oulu
91%
Lahtis Lahti
89%
Vanda Vantaa
89%
Hangö Hanko
88%
Björneborg Pori
88%
Borgå Porvoo
87%
Torneå Tornio
86%
Lovisa Loviisa
85%
Hyvinge Hyvinkää
82%
Birkala Pirkkala
82%
Raumo Rauma
82%
Sibbo Sipoo
82%
Kajana Kajaani
81%
Raseborg Raasepori
80%
Nystad Uusikaupunki
80%
Mariehamn Maarianhamina
78%
Ingå Inkoo
77%
Närpes Närpiö
77%
Tavastehus Hämeenlinna
75%
Ikalis Ikaalinen
74%
S:t Michel Mikkeli
74%
Nådendal Naantali
74%
Jakobstad Pietarsaari
74%
Ilomants Ilomantsi
73%
Nykarleby Uusikaarlepyy
73%
Vichtis Vihti
73%
Enontekis Enontekiö
72%
S:t Karins Kaarina
72%
Karleby Kokkola
72%
Kristinestad Kristiinankaupunki
72%
Pargas Parainen
72%
Enare Inari
71%
Jorois Joroinen
71%
Kyrkslätt Kirkkonummi
71%
Övertorneå Ylitornio
71%
Storkyro Isokyrö
70%
Kaustby Kaustinen
69%
Nousis Nousiainen
69%
Brahestad Raahe
69%
Tusby Tuusula
69%
Grankulla Kauniainen
68%
Kervo Kerava
68%
Lojo Lohja
68%
Villmanstrand Lappeenranta
67%
Kronoby Kruunupyy
65%
Limingo Liminka
63%
Malax Maalahti
63%
Idensalmi Iisalmi
62%
Kaskö Kaskinen
61%
Gustavs Kustavi
61%
Euraåminne Eurajoki
60%
Ulvsby Ulvila
60%
Tavastkyro Hämeenkyrö
57%
Sjundeå Siuntio
57%
Fredrikshamn Hamina
56%
Nyslott Savonlinna
56%
Virdois Virrat
56%
Kimitoön Kemiönsaari
53%
Vetil Veteli
53%
Laihela Laihia
52%
Vörå Vöyri
52%
Påmark Pomarkku
47%
Storå Isojoki
46%
Träskända Järvenpää
46%
Jockis Jokioinen
44%
Pedersöre Pedersören kunta
44%
Pyttis Pyhtää
44%
Lappträsk Lapinjärvi
43%
Lappo Lapua
42%
Korsholm Mustasaari
42%
Reso Raisio
41%
Larsmo Luoto
39%
Mörskom Myrskylä
39%
Etseri Ähtäri
36%
Borgnäs Pornainen
36%
Sagu Sauvo
36%
Pemar Paimio
28%
Högfors Karkkila
27%
Lundo Lieto
25%
Östermark Teuva
23%
Karlö Hailuoto
21%
Sastmola Merikarvia
19%
Tövsala Taivassalo
19%
Bötom Karijoki
18%
Kumo Kokemäki
18%
No matching quizzes found
Score Distribution
Percent of People with Each Score
Percentile by Number Answered
Your Score History
You have not taken this quiz